000
00345 a2200121 4500
000
nam a22 7a 4500
005
20260512144503.0
020
_a
9789382699217
100
_a
विनायक त्रिपाठी
_9
1239138
245
_a
पर्यावरण शिक्षा
260
_b
Vikalp prakashan
_c
2024
942
_c
TEXL
999
_c
1851253
_d
1851253